35 Best Performing BFDI Characters - Statistics

General Stats
  • This quiz has been taken 40 times
  • The average score is 21 of 35
Answer Stats
Rank/Point Average Contestant % Correct
44.12121212 Firey
90%
35.86031746 Pen
90%
31.33814334 Pin
90%
50.28571429 Bubble
80%
59.42857143 Flower
80%
58.47619048 Leafy
80%
31.79163059 Pencil
73%
46.8040404 Book
70%
43.39316979 Tennis Ball
70%
43.75757576 Gelatin
67%
41.24444444 Black Hole
63%
39.42857143 Blocky
63%
41.24444444 Fanny
63%
37.63347763 Spongy
63%
38.23068783 Ice Cube
60%
36.24242424 Ruby
60%
53.33333333 Lollipop
57%
41.24444444 Marker
57%
41.24444444 Tree
57%
41.24444444 TV
57%
30.83636364 Yellow Face
57%
31.28888889 Snowball
53%
41.24444444 Winner
53%
41.24444444 Bottle
50%
41.24444444 Grassy
50%
41.24444444 Price Tag
50%
30.66666667v David
47%
34.65050505 Nickel
47%
39.82222222 Pillow
47%
32.71111111 Basketball
43%
37.33333333 Loser
43%
32.45252525 Bomby
40%
31.28888889 Gaty
40%
40 Taco
33%
34.13333333 Robot Flower
30%
No matching quizzes found
Score Distribution
Percent of People with Each Score
Percentile by Number Answered
Your Score History
You have not taken this quiz